| 000 | 01282nam a2200325 i 4500 | ||
|---|---|---|---|
| 003 | EG-GICUC | ||
| 005 | 20260323131306.0 | ||
| 008 | 260323s1977 ua ||||fr|||| 00| 0 ara d | ||
| 040 |
_a EG-GICUC _bara _c EG-GICUC _d EG-GICUC _erda |
||
| 041 | 0 | _aara | |
| 082 | 0 | 4 |
_221 _a345.8223 _bط ع . ر |
| 092 | 0 | 4 | _221 |
| 099 | _aLaw 07 345.8223 ط ع . ر 1977 | ||
| 100 | 0 |
_aطعيمة الجرف _eمؤلف. |
|
| 245 | 1 | 0 |
_aرقابة القضاء الأعمال الإدارة العامة : _bقضاء الالغاء / _c الدكتور طعيمة الجرف. |
| 264 | 1 |
_aالقاهرة : _bدار النهضة العربية، _c1977. |
|
| 300 |
_a372 ؛ صفحة _c24 سم. _bإيضاحيات، صور، مثيليات ؛ |
||
| 336 |
_2rda content _atext |
||
| 337 |
_2rda media _aComputer |
||
| 338 |
_2rda carrier _aOnline Resource |
||
| 504 | _a. 373-368ببليوجرافيا: صفحات. | ||
| 504 | _aيشتمل ارجاعات ببليوجرافية | ||
| 546 | _aالنص باللغة العربية | ||
| 650 | 1 | 4 |
_aالقانون الإداري _2qrmak |
| 650 | 1 | 4 |
_aالاختصاص القضائي لمجلس الدولة _2qrmak |
| 651 | 1 | _2qrmak | |
| 856 | 4 | 0 | _uhttps://fll.law.cu.edu.eg/fulltext/bks/B07-03831.pdf |
| 905 | _a47 | ||
| 942 |
_2ddc _n0 _cBK _e21 |
||
| 999 |
_c66522 _d66522 |
||